000 00459nam a22001577a 4500
003 macl
005 20240502163106.0
008 240502b |||||||| |||| 00| 0 eng d
040 _cmacl
082 _a001
100 _aप्रकाशन ,मलयाला मनोरमा
_982345
245 _aमनोरमा इयर बुक 2024
260 _aकेरल
_bमलयाला मनोरमा
_c2024
650 _aG.k.
942 _2ddc
_cHIN
999 _c66820
_d66820